Riconosci le Bandiere sbagliate - Quiz n°2 - Statistics

Statistiche generali
  • Questo quiz è stato fatto 10 volte
  • Il punteggio medio è 22 su 30
Statistiche sulle risposte
Domanda Casella Select % Corretto
tutte le bandiere sbagliate
100%
tutte le bandiere sbagliate No
100%
tutte le bandiere sbagliate No
100%
tutte le bandiere sbagliate No
100%
tutte le bandiere sbagliate No
89%
tutte le bandiere sbagliate No
89%
tutte le bandiere sbagliate No
89%
tutte le bandiere sbagliate No
89%
tutte le bandiere sbagliate No
89%
tutte le bandiere sbagliate
89%
tutte le bandiere sbagliate
89%
tutte le bandiere sbagliate No
89%
tutte le bandiere sbagliate No
89%
tutte le bandiere sbagliate No
89%
tutte le bandiere sbagliate No
89%
tutte le bandiere sbagliate No
89%
tutte le bandiere sbagliate
78%
tutte le bandiere sbagliate No
67%
tutte le bandiere sbagliate
67%
tutte le bandiere sbagliate
67%
tutte le bandiere sbagliate
67%
tutte le bandiere sbagliate
56%
tutte le bandiere sbagliate
56%
tutte le bandiere sbagliate No
56%
tutte le bandiere sbagliate No
56%
tutte le bandiere sbagliate
56%
tutte le bandiere sbagliate
44%
tutte le bandiere sbagliate
33%
tutte le bandiere sbagliate
22%
tutte le bandiere sbagliate
22%
Nessun quiz corrispondente trovato
Distribuzione punteggi
Percentuale di utenti per punteggio
Percentile per numero di risposta
I tuoi punteggi nel tempo
Non hai fatto questo quiz